Statistics for Overwatch characters by role

Click here to take the quiz!

General Stats

  • This quiz has been taken 104 times
  • The average score is 21 of 24

Answer Stats

RoleAnswer% Correct
SupportMercy
99%
SupportLucio
97%
TankReinhardt
97%
SupportAna
94%
DefenseWidowmaker
93%
TankZarya
91%
SupportZenyatta
91%
TankD.Va
89%
TankRoadhog
89%
OffenseReaper
88%
OffenseSoldier 76
87%
OffenseGenji
86%
DefenseHanzo
86%
TankWinston
86%
TankOrisa
85%
SupportSymmetra
85%
OffenseMcCree
84%
OffenseTracer
83%
DefenseBastion
82%
DefenseTorbjörn
80%
OffensePharah
79%
OffenseSombra
78%
DefenseJunkrat
74%
DefenseMei
71%

Score Distribution

Percentile by Number Answered

Percent of People with Each Score

Your Score History

You have not taken this quiz